[Event "Bethune op-B 24th"]
[Site "Bethune"]
[Date "2003.12.28"]
[Round "4"]
[White "Taro, Franck"]
[Black "Molin, Gerard"]
[Result "1-0"]
[WhiteElo "1530"]
[BlackElo "1210"]
[PlyCount "53"]
[EventDate "2003.12.26"]
[EventType "swiss"]
[EventRounds "9"]
[EventCountry "FRA"]
[SourceTitle "EXT 2005"]
[Source "ChessBase"]
[SourceDate "2004.11.15"]
[SourceVersion "1"]
[SourceVersionDate "2004.11.15"]
[SourceQuality "1"]

1. e4 e5 2. Nf3 Nc6 3. Bc4 Bc5 4. c3 Nf6 5. d4 exd4 6. cxd4 Bb4+ 7. Nc3 Bxc3+ 8. bxc3 d5 9. exd5 Nxd5 10. Qb3 Be6 11. 0-0 h6 12. Ba3 b6 13. Rfe1 Qd7 14. Bxd5 0-0-0 15. Bxe6 fxe6 16. Qxe6 Qxe6 17. Rxe6 Kb7 18. Rae1 Rhg8 19. Ne5 Nxe5 20. R1xe5 Kc8 21. Re7 Kb7 22. Kf1 g5 23. Rh7 Rg6 24. Ree7 Rc8 25. Rd7 Rc6 26. Bb2 Re8 27. d5 1-0

[Event "Bethune-E"]
[Site "Bethune"]
[Date "2002.07.11"]
[Round "7.25"]
[White "Molin, Gerard"]
[Black "Thomas, Alice"]
[Result "0-1"]
[WhiteElo "1499"]
[BlackElo "1370"]
[PlyCount "72"]
[EventDate "2002.07.06"]
[EventType "tourn"]
[EventRounds "9"]
[EventCountry "FRA"]
[SourceTitle "EXT 2005"]
[Source "ChessBase"]
[SourceDate "2004.11.15"]
[SourceVersion "1"]
[SourceVersionDate "2004.11.15"]
[SourceQuality "1"]

1. e4 e5 2. Bc4 Nf6 3. d3 Bc5 4. Bg5 Nc6 5. Nc3 d6 6. Nf3 0-0 7. Nd5 Kh8 8. 0-0 Bg4 9. h3 Bh5 10. g4 h6 11. Bxf6 gxf6 12. gxh5 Rg8+ 13. Kh2 Rg7 14. Rg1 Bxf2 15. Rxg7 Kxg7 16. Qf1 Bc5 17. Qg1+ Bxg1+ 18. Kxg1 Kh8 19. Kf2 Qg8 20. Rg1 Qd8 21. a3 Kh7 22. b4 Qh8 23. b5 Nd4 24. c3 Nxf3 25. Kxf3 Rg8 26. Rf1 Qg7 27. Ke2 Qg2+ 28. Ke1 Qg3+ 29. Rf2 Qh4 30. Ke2 Qxh5+ 31. Rf3 Rg2+ 32. Ke3 Qg5+ 33. Rf4 Rg3+ 34. Ke2 exf4 35. Kf2 Rg2+ 36. Kf1 Rg1+ 0-1

[Event "Bethune-E"]
[Site "Bethune"]
[Date "2002.07.07"]
[Round "2.23"]
[White "Molin, Gerard"]
[Black "Dufrenoy, Nicolas"]
[Result "1-0"]
[WhiteElo "1499"]
[BlackElo "1099"]
[PlyCount "31"]
[EventDate "2002.07.06"]
[EventType "tourn"]
[EventRounds "9"]
[EventCountry "FRA"]
[SourceTitle "EXT 2005"]
[Source "ChessBase"]
[SourceDate "2004.11.15"]
[SourceVersion "1"]
[SourceVersionDate "2004.11.15"]
[SourceQuality "1"]

1. Nf3 Nc6 2. e4 Nf6 3. e5 Nd5 4. Bc4 Nb6 5. Bb5 e6 6. a3 a6 7. Bxc6 bxc6 8. d4 f6 9. 0-0 d6 10. Re1 d5 11. exf6 gxf6 12. Nc3 Qe7 13. Qe2 Qg7 14. Bf4 Rg8 15. g3 e5 16. dxe5 1-0

[Event "Bethune-E"]
[Site "Bethune"]
[Date "2002.07.06"]
[Round "1.23"]
[White "Dufrenoy, Henri"]
[Black "Molin, Gerard"]
[Result "0-1"]
[WhiteElo "1499"]
[BlackElo "1499"]
[PlyCount "98"]
[EventDate "2002.07.06"]
[EventType "tourn"]
[EventRounds "9"]
[EventCountry "FRA"]
[SourceTitle "EXT 2005"]
[Source "ChessBase"]
[SourceDate "2004.11.15"]
[SourceVersion "1"]
[SourceVersionDate "2004.11.15"]
[SourceQuality "1"]

1. e4 e5 2. Nf3 Nc6 3. Bb5 a6 4. Ba4 Nf6 5. Nc3 Bb4 6. Ne2 Nxe4 7. 0-0 0-0 8. Re1 d6 9. a3 Bc5 10. d4 Bb6 11. Be3 Bg4 12. Nd2 exd4 13. Nxe4 dxe3 14. fxe3 Bxe3+ 15. Kh1 Re8 16. N4c3 Qg5 17. Qd3 h6 18. Bb3 Ne5 19. Qd5 Be6 20. Ne4 Qf4 21. Qd1 Qxe4 22. c4 Bh3 23. Rg1 Bxg1 24. Qxg1 Qxe2 25. gxh3 Qxb2 26. Rb1 Qxa3 27. Qg2 Rab8 28. Kg1 Qc5+ 29. Kf1 Nxc4 30. Bxc4 Qxc4+ 31. Kg1 Re2 32. Qf1 Rbe8 33. h4 Qe4 34. Rc1 Re1 35. Rxe1 Qxe1 36. Kg2 Qe4+ 37. Kg1 a5 38. Qf2 Qb1+ 39. Kg2 a4 40. Kg3 a3 41. h5 a2 42. h3 Qe1 43. h4 Qxf2+ 44. Kxf2 a1Q 45. Kf3 Qa3+ 46. Kf2 Re3 47. Kg2 Rb3 48. Kf2 Qa2+ 49. Kf1 Rb1# 0-1